000 00745nam a2200289Ia 4500
001 20125
005 20240114000502.0
007 ta
008 060220s1971 a g b000 u 465 u
020 _a07-069185-1
040 _aCotton College,Assam
041 _a465
082 _a330
_bW 457 P
100 _aWelfling, Weldon .
245 0 _aPrinciples of Economics /
_cWeldon Welfling.
_hTextual Documents
250 _a1st ed. /
260 _aNew York :
_bMcGraw - Hill book company ,
_c1971.
300 _avii,488p. :
_bill ;
_c24cm .
362 _aPart I-
504 _aIndex
653 _aEconomics
653 _aG-Economics
653 _aMarket Economy
942 _2ddc
_cBK
999 _c20107
_d20107